| 000 | 00581nam a22001577a 4500 | ||
|---|---|---|---|
| 003 | macl | ||
| 005 | 20170607122828.0 | ||
| 008 | 170607b xxu||||| |||| 00| 0 eng d | ||
| 040 | _cmacl | ||
| 082 | _a800/L | ||
| 100 |
_aसपां. पूरनचंद टंडन _967310 |
||
| 245 | _aकाव्यानुवाद विचार विमर्श और व्यवहार | ||
| 260 |
_aदिल्ली _bभारतीय अनुवाद परिषद _c2014 |
||
| 650 |
_aकाव्य समीक्षा _948818 |
||
| 942 |
_2ddc _cHIN |
||
| 999 |
_c56435 _d56435 |
||